000 00345nam a2200145Ia 4500
008 230312s9999||||xx |||||||||||||| ||und||
020 _a0-8069-8279-9
082 _a720.19
_bHIN-T
100 _aHiney; Mary JO
245 0 _aQuiltgami
260 _bSterling Publishing
_aNew York
_c2002
300 _a128
650 _aArchitecture
942 _cBK
999 _c11664
_d11664